Guess the horror movie from the villain - Statistics

General Stats
  • This quiz has been taken 27 times
  • The average score is 8 of 16
Answer Stats
Hint Answer % Correct
Michel Myers Halloween
90%
Leatherface Texas chainsaw massacre
86%
T-800 The Terminator
81%
Xenomorph Alien
76%
Freddy Nightmare on elm street
71%
Jack Torrance The shinning
67%
John Kramer Saw
62%
Hannibal Lecter Silence of the lambs
62%
Jason Friday the thirteenth
52%
Pinhead Hellraiser
52%
Damien Thorn The Omen
38%
Charles Lee Ray Childs Play
29%
Annie Wilkes Misery
29%
Jerry Dandridge Fright Night
5%
Stripe Gremlins
5%
Sadako Ringu
5%
No matching quizzes found
Score Distribution
Percent of People with Each Score
Percentile by Number Answered
Your Score History
You have not taken this quiz